[Event "NOR-chT Clubs"]
[Site "Drammen"]
[Date "2022.05.26"]
[Round "4"]
[White "Gyldenas, Ole Jorn"]
[Black "Milvang, Otto"]
[Result "1-0"]
[WhiteElo "1929"]
[BlackElo "1702"]
[PlyCount "77"]
[EventDate "2022.05.26"]
[EventType "team-swiss"]
[EventRounds "6"]
[EventCountry "NOR"]
[SourceTitle "EXT 2024"]
[Source "ChessBase"]
[SourceDate "2023.10.10"]
[SourceVersion "1"]
[SourceVersionDate "2023.10.10"]
[SourceQuality "1"]
[WhiteTeam "Nordstrand II"]
[BlackTeam "Nordstrand III"]
[WhiteTeamCountry "NOR"]
[BlackTeamCountry "NOR"]

1. d4 f5 2. c4 e6 3. Nf3 Nf6 4. g3 d5 5. Bg2 c6 6. 0-0 Bd6 7. b3 Qe7 8. Bb2 0-0 9. Nbd2 Bd7 10. Ne5 Be8 11. f3 Bh5 12. Qc2 Nbd7 13. e4 dxe4 14. Nxd7 Qxd7 15. fxe4 fxe4 16. Nxe4 Bg6 17. Nxf6+ Rxf6 18. Qe2 Raf8 19. Kh1 Bf5 20. d5 Rh6 21. dxc6 bxc6 22. Rad1 Qc7 23. Bc1 Rg6 24. Rde1 Rff6 25. Bf4 Bg4 26. Bxd6 Bxe2 27. Bxc7 Bxf1 28. Rxf1 Kf7 29. Kg1 Ke7 30. Rd1 Rf5 31. Be4 Rg4 32. Bd6+ Kf6 33. Bxf5 exf5 34. Bf4 Ke7 35. c5 Rg6 36. Kf2 h6 37. h4 Rf6 38. Rd6 Re6 39. h5 1-0

[Event "NOR-ch Class2"]
[Site "Lillehammer"]
[Date "2013.06.29"]
[Round "1"]
[White "Kallset, Eirik Viken"]
[Black "Milvang, Otto"]
[Result "1-0"]
[WhiteElo "1528"]
[BlackElo "1609"]
[PlyCount "66"]
[EventDate "2013.06.29"]
[EventType "swiss"]
[EventRounds "9"]
[EventCountry "NOR"]
[SourceTitle "EXT 2017"]
[Source "ChessBase"]
[SourceDate "2016.10.25"]
[SourceVersion "1"]
[SourceVersionDate "2016.10.25"]
[SourceQuality "1"]

1. e4 c5 2. Nf3 d6 3. d4 cxd4 4. Nxd4 Nf6 5. Nc3 a6 6. Be3 e5 7. Nf3 b5 8. Nd5 Nbd7 9. Qd3 Bb7 10. Nd2 Nxd5 11. exd5 Be7 12. Be2 0-0 13. g4 Bg5 14. Bxg5 Qxg5 15. Ne4 Qe7 16. 0-0-0 Rac8 17. h4 Nc5 18. Qe3 Nxe4 19. Qxe4 g6 20. g5 Rfe8 21. Kb1 Rc5 22. h5 Bc8 23. hxg6 fxg6 24. Bd3 Qxg5 25. Rdg1 Qf6 26. Rh6 Re7 27. b4 Bf5 28. Qxf5 Qxf5 29. Bxf5 Rc4 30. a3 Rec7 31. Rh2 Kg7 32. Kb2 Kf6 33. Bd3 Rd4 1-0